| 000 | 00536nam a2200181Ia 4500 | ||
|---|---|---|---|
| 005 | 20250508152716.0 | ||
| 008 | 008 250505s9999 xx 000 0 eng d | ||
| 037 | _aBooks to be hide in OPAC | ||
| 040 |
_aFEDL _beng _cFEDL |
||
| 041 |
_aeng _2eng |
||
| 084 |
_a370.7, HIN/O _qFEDL |
||
| 245 | 0 | _aRevised syllabus for the training of teachers | |
| 245 | 0 | _cBasic National Education | |
| 260 |
_aWardha, India _bThe Hindustani Talimi Sangh |
||
| 300 | _a83p. | ||
| 942 |
_cHB _h370.7, HIN/O |
||
| 999 |
_c1338209 _d1338209 |
||